Discover Central Europe and Its Target Markets

Vývoj a diverzifikácia cieľových trhov iniciatívy Discover Central Europe a vyhodnotenie marketingovej kampane cestovného ruchu. Prehľad spoločných propagačných aktivít vo Vyšehradskom regióne.

Guardado en:
Detalles Bibliográficos
Autor principal: Zemanová, Lenka, 1995-
Formato: Capítulo de libro
Lenguaje:inglés
Materias:
Etiquetas: Agregar Etiqueta
Sin Etiquetas, Sea el primero en etiquetar este registro!

MARC

LEADER 00000naa a2200000 4500
001 0286383
005 20240502074416.3
041 0 |a eng 
044 |a SK 
245 1 0 |a Discover Central Europe and Its Target Markets  |c Lenka Zemanová 
520 |a Vývoj a diverzifikácia cieľových trhov iniciatívy Discover Central Europe a vyhodnotenie marketingovej kampane cestovného ruchu. Prehľad spoločných propagačných aktivít vo Vyšehradskom regióne. 
610 2 0 |a ruch cestovný 
610 2 0 |a kampane reklamné 
610 2 0 |a marketing 
610 2 0 |a Vyšehradská štvorka 
100 1 |a Zemanová, Lenka, 1995-